000 00523nam a22001937a 4500
999 _c534099
_d534099
003 NUST
005 20200130161904.0
008 200130b ||||| |||| 00| 0 eng d
038 _aMSOHAIL
082 _a923.254
_bGAN
100 _agandhi, mahatma
_914749
245 _aAp Bitti Talash e haq /
_cMahatma gandhi
260 _aLahore :
_bFiction house,
_c2010.
300 _a639 p. ;
500 _aHardcover
880 _6100-02\r
_aمہاتما گاندھی
880 _6245-02\r
_aتلاشِ حق /
942 _2ddc
_cBK